[Event "IX Open A"]
[Site "Bergamo ITA"]
[Date "2010.07.17"]
[Round "4"]
[White "Regorda, Massimiliano"]
[Black "De Palma, Fabrizio"]
[WhiteElo "1897"]
[BlackElo "2069"]
[Result "0-1"]
[PlyCount "120"]
[EventDate "2010.07.16"]

1. e4 e6 2. d4 d5 3. Nd2 Nf6 4. e5 Nfd7 5. Bd3 c5 6. c3 cxd4 7. cxd4 Nc6 8. Ne2
f6 9. exf6 Nxf6 10. Nf3 Bd6 11. O-O Qc7 12. h3 O-O 13. Qc2 Bd7 14. a3 Rac8 15.
Bg5 h6 16. Be3 Qb8 17. Qd2 Ne4 18. Bxe4 dxe4 19. Nh4 Ne7 20. Nc3 Bc6 21. Bxh6
Bf4 22. Bxf4 Rxf4 23. g3 Rxh4 24. gxh4 Rf8 25. Qg5 Rf6 26. h5 Qf8 27. Ne2 Rf5
28. Qg4 Qf6 29. h4 Nd5 30. Ng3 Rf4 31. Qg5 Rxh4 32. Qxf6 gxf6 33. f3 exf3 34.
Rxf3 Nf4 35. Re3 Nh3+ 36. Kf1 Rf4+ 37. Ke1 Ng5 38. Kd2 Rxd4+ 39. Kc3 Rh4 40.
Rae1 Bd5 41. Kc2 f5 42. Rc3 f4 43. Ne2 f3 44. Ng3 Rg4 45. Rc8+ Kf7 46. Rc7+ Kf6
47. Nh1 Rg2+ 48. Kb1 Ne4 49. Rc2 Nd2+ 50. Kc1 Nb3+ 51. Kd1 Nd4 52. Rf2 e5 53.
Ref1 Kg5 54. Re1 e4 55. Kd2 Kf4 56. Kc3 Nf5 57. Rxg2 fxg2 58. Nf2 Kg3 59. Nd3
exd3 60. Kxd3 Kf2 0-1

[Event "IX Open A"]
[Site "Bergamo ITA"]
[Date "2010.07.17"]
[Round "4"]
[White "Srivachirawat, Kannapon"]
[Black "Finocchiaro, Gianluca"]
[WhiteElo "2245"]
[BlackElo "2104"]
[Result "0-1"]
[PlyCount "78"]
[EventDate "2010.07.16"]

1. d4 Nf6 2. Nf3 c5 3. e3 e6 4. Bd3 d5 5. c3 Be7 6. Nbd2 O-O 7. O-O Nc6 8. dxc5
Bxc5 9. e4 e5 10. b4 Bd6 11. exd5 Nxd5 12. Ne4 Bc7 13. Nfg5 Bf5 14. Qf3 Bg6 15.
Bc4 Nf6 16. Rd1 Qe7 17. Nxf6+ Qxf6 18. Rd7 Bb6 19. Be3 Bxe3 20. Qxe3 h6 21. Ne4
Qf5 22. Nc5 Qg4 23. Be2 Qf5 24. Bd3 Qh5 25. Bxg6 fxg6 26. Nxb7 Qg4 27. Nc5 a5
28. b5 Nd8 29. Qxe5 Nf7 30. Qd4 Qf5 31. Re1 Rae8 32. Rf1 Ne5 33. Rd5 Qf6 34. f4
Ng4 35. Qxf6 Rxf6 36. Rd3 Re2 37. Rg3 Ne3 38. Nd7 Rd6 39. Rxe3 Rxe3 0-1

[Event "IX Open A"]
[Site "Bergamo ITA"]
[Date "2010.07.17"]
[Round "4"]
[White "Stips, Felix"]
[Black "Seyfried, Claus"]
[WhiteElo "2206"]
[BlackElo "2087"]
[Result "1/2-1/2"]
[PlyCount "40"]
[EventDate "2010.07.16"]

1. d4 d5 2. Nf3 c6 3. c4 e6 4. cxd5 exd5 5. Nc3 Nf6 6. Bf4 Bd6 7. Bxd6 Qxd6 8.
e3 Bf5 9. Nh4 Bg4 10. Qc2 O-O 11. h3 Bd7 12. Bd3 c5 13. dxc5 Qxc5 14. O-O Nc6
15. Nf3 Rac8 16. Rac1 d4 17. exd4 Nxd4 18. Nxd4 Qxd4 19. Rfd1 Qh4 20. Qb3 Bc6
1/2-1/2

[Event "IX Open A"]
[Site "Bergamo ITA"]
[Date "2010.07.17"]
[Round "4"]
[White "Tesic, Dragan"]
[Black "Gagliardi, Christian"]
[WhiteElo "2369"]
[BlackElo "2200"]
[Result "1-0"]
[PlyCount "30"]
[EventDate "2010.07.16"]

1. d4 Nf6 2. c4 g6 3. Nf3 Bg7 4. g3 O-O 5. Bg2 d6 6. Nc3 c6 7. O-O Qa5 8. h3
Be6 9. d5 cxd5 10. Nd4 Ne4 11. Nxd5 Bxd5 12. Nb3 Qa4 13. Qxd5 Nc5 14. Nxc5 dxc5
15. Qxb7 Na6 1-0

[Event "IX Open A"]
[Site "Bergamo ITA"]
[Date "2010.07.17"]
[Round "4"]
[White "Tramalloni, Luca"]
[Black "Moreschi, Mauro"]
[WhiteElo "2113"]
[BlackElo "1907"]
[Result "1-0"]
[PlyCount "87"]
[EventDate "2010.07.16"]

1. Nf3 Nf6 2. d4 e6 3. c4 b6 4. g3 Bb7 5. Bg2 Bb4+ 6. Bd2 Bxd2+ 7. Nbxd2 d6 8.
O-O Nbd7 9. Qc2 O-O 10. e4 h6 11. Rfe1 Nh7 12. e5 dxe5 13. dxe5 Rb8 14. Rad1
Qe7 15. Nd4 Bxg2 16. Kxg2 Ra8 17. Nc6 Qc5 18. Qa4 Nb8 19. Nxb8 Rfxb8 20. Nb3 b5
21. Nxc5 bxa4 22. Nxa4 Rd8 23. Nc5 Kf8 24. h4 Ke7 25. Kf3 Nf8 26. Ke4 Nd7 27.
Rxd7+ Rxd7 28. Nxd7 Kxd7 29. Rd1+ Ke7 30. Rd4 Rb8 31. b3 Rb6 32. c5 Rc6 33. Rc4
Ra6 34. a4 Kd7 35. Kd4 h5 36. Rc3 f5 37. Kc4 Kc6 38. Kb4 Kb7 39. Rd3 Rc6 40.
Rd8 a5+ 41. Kb5 Ra6 42. Rb8+ Ka7 43. Ra8+ Kxa8 44. Kxa6 1-0

[Event "IX Open A"]
[Site "Bergamo ITA"]
[Date "2010.07.17"]
[Round "4"]
[White "Vuelban, Virgilio"]
[Black "Salvador, Roland"]
[WhiteElo "2358"]
[BlackElo "2498"]
[Result "1-0"]
[PlyCount "55"]
[EventDate "2010.07.16"]

1. Nf3 f5 2. g3 Nf6 3. Bg2 g6 4. O-O Bg7 5. c4 d6 6. Nc3 O-O 7. Rb1 a5 8. d4 h6
9. b3 c6 10. d5 c5 11. Ne1 Nh5 12. Bb2 f4 13. Ne4 Bf5 14. Nd3 Qd7 15. Qd2 Bh3
16. f3 Bxg2 17. Kxg2 fxg3 18. hxg3 Na6 19. Rh1 Nb4 20. Ndf2 e5 21. dxe6 Qxe6
22. Bxg7 Kxg7 23. Ng4 Rh8 24. Qb2+ Kg8 25. Rbd1 Rd8 26. Nxc5 Qe7 27. Ne4 Kf7
28. Rxd6 1-0

[Event "IX Open A"]
[Site "Bergamo ITA"]
[Date "2010.07.18"]
[Round "5"]
[White "Astengo, Marcello"]
[Black "Stips, Felix"]
[WhiteElo "2071"]
[BlackElo "2206"]
[Result "0-1"]
[PlyCount "70"]
[EventDate "2010.07.16"]

1. d4 d5 2. c4 c6 3. Nc3 Nf6 4. e3 a6 5. a4 e6 6. Nf3 c5 7. Be2 Nc6 8. O-O Be7
9. b3 O-O 10. Bb2 b6 11. Ne5 Bb7 12. Nxc6 Bxc6 13. Rc1 Qb8 14. Bf3 Qb7 15. Qe2
cxd4 16. exd4 dxc4 17. Bxc6 Qxc6 18. Qxc4 Qxc4 19. bxc4 Rac8 20. Ne2 Rc7 21.
Rfd1 Rfc8 22. d5 Rxc4 23. Rxc4 Rxc4 24. d6 Bd8 25. d7 Rc7 26. Bxf6 gxf6 27. Rd6
Rc2 28. Kf1 Kf8 29. Rd4 Rc7 30. Rh4 Rxd7 31. Ke1 Be7 32. Nc1 Kg7 33. Rg4+ Kh8
34. Ke2 Rc7 35. Kd2 f5 0-1

[Event "IX Open A"]
[Site "Bergamo ITA"]
[Date "2010.07.18"]
[Round "5"]
[White "Bernardi, Ruben"]
[Black "Tramalloni, Luca"]
[WhiteElo "2212"]
[BlackElo "2113"]
[Result "1/2-1/2"]
[PlyCount "94"]
[EventDate "2010.07.16"]

1. e4 c5 2. Na3 b6 3. g3 Bb7 4. Bg2 g6 5. d3 Bg7 6. f4 d5 7. Qe2 dxe4 8. dxe4
Nc6 9. c3 Qd7 10. Nh3 Nf6 11. Nf2 e5 12. O-O O-O 13. Bh3 Qe7 14. f5 h6 15. g4
Nh7 16. Bg2 Qh4 17. Be3 Rad8 18. Rad1 Nb8 19. b4 cxb4 20. cxb4 Qe7 21. Qb2 Nc6
22. Nc2 Rxd1 23. Rxd1 Rd8 24. a4 Rxd1+ 25. Nxd1 Qd7 26. Nc3 Nd4 27. Nd5 Nxc2
28. Qxc2 Nf6 29. fxg6 fxg6 30. Qc4 Kh7 31. h3 Ne8 32. b5 Nd6 33. Qd3 Qc8 34.
Ne7 Qd7 35. Nd5 Qc8 36. Nxb6 axb6 37. Qxd6 Qc2 38. Qxb6 Bxe4 39. Bxe4 Qxe4 40.
Qa7 Qf3 41. Kh2 Qe2+ 42. Bf2 e4 43. a5 g5 44. Qf7 e3 45. Qf5+ Kh8 46. Qc8+ Kh7
47. Qf5+ Kh8 1/2-1/2

[Event "IX Open A"]
[Site "Bergamo ITA"]
[Date "2010.07.18"]
[Round "5"]
[White "Curtacci, Sergio"]
[Black "Berni, Fabrizio"]
[WhiteElo "1999"]
[BlackElo "2154"]
[Result "1/2-1/2"]
[PlyCount "31"]
[EventDate "2010.07.16"]

1. d4 d5 2. Nf3 Nf6 3. e3 e6 4. Bd3 c5 5. b3 Be7 6. Bb2 Nc6 7. Nbd2 O-O 8. a3
b6 9. O-O Bb7 10. Ne5 Nxe5 11. dxe5 Ne4 12. Nxe4 dxe4 13. Bc4 Qc7 14. Qe2 Rfd8
15. a4 a6 16. Rfd1 1/2-1/2

[Event "IX Open A"]
[Site "Bergamo ITA"]
[Date "2010.07.18"]
[Round "5"]
[White "De Palma, Fabrizio"]
[Black "Srivachirawat, Kannapon"]
[WhiteElo "2069"]
[BlackElo "2245"]
[Result "1/2-1/2"]
[PlyCount "115"]
[EventDate "2010.07.16"]

1. d4 d5 2. c4 e6 3. Nc3 Nf6 4. cxd5 exd5 5. Bg5 c6 6. e3 Bf5 7. Qb3 Qb6 8.
Qxb6 axb6 9. Bxf6 gxf6 10. Nf3 Na6 11. Nh4 Bg6 12. f4 Be4 13. Nxe4 dxe4 14.
Bxa6 Rxa6 15. Nf5 Ra5 16. Ng3 f5 17. Ke2 h5 18. Rhd1 h4 19. Nf1 Rb5 20. Rab1
Bd6 21. Nd2 Ke7 22. Nc4 Bc7 23. Rdc1 Ra8 24. a3 Rd5 25. Rc3 b5 26. Nd2 Ba5 27.
b4 Bb6 28. Rbb3 Rd6 29. Rc1 Rg6 30. Kf2 Rag8 31. Rg1 Ke6 32. g3 Bd8 33. Rbb1
hxg3+ 34. hxg3 Kd5 35. Rbc1 Be7 36. Nb1 Rh6 37. Nc3+ Kd6 38. Rh1 Rgh8 39. Kg2
Rxh1 40. Rxh1 Rxh1 41. Kxh1 Ke6 42. Kg2 Bf6 43. Kf2 b6 44. Ke2 c5 45. bxc5 bxc5
46. Nxb5 cxd4 47. exd4 Kd5 48. Ke3 Be7 49. a4 Bb4 50. Nc7+ Kc4 51. Ne8 Ba3 52.
Ng7 Bc1+ 53. Ke2 Kxd4 54. Nxf5+ Kd5 55. Ne3+ Kc5 56. Nf5 Kd5 57. Ne3+ Kc5 58.
Nf5 1/2-1/2

[Event "IX Open A"]
[Site "Bergamo ITA"]
[Date "2010.07.18"]
[Round "5"]
[White "Finocchiaro, Gianluca"]
[Black "Contin, Daniel"]
[WhiteElo "2104"]
[BlackElo "2307"]
[Result "0-1"]
[PlyCount "50"]
[EventDate "2010.07.16"]

1. e4 e6 2. d4 d5 3. exd5 exd5 4. c4 Nf6 5. Nc3 Be7 6. Bd3 dxc4 7. Bxc4 O-O 8.
Nf3 Nbd7 9. O-O Nb6 10. Bb3 c6 11. Ne5 Nbd5 12. Qf3 Be6 13. Bg5 Nc7 14. Ne2 Bd5
15. Qh3 Ne6 16. Bxf6 Bxf6 17. Bc2 g6 18. f4 Bxe5 19. dxe5 Bc4 20. Ng3 Bxf1 21.
Rxf1 Qd4+ 22. Kh1 Nxf4 23. Qh6 Nd5 24. Re1 Qf4 25. Qh3 Qd2 0-1

[Event "IX Open A"]
[Site "Bergamo ITA"]
[Date "2010.07.18"]
[Round "5"]
[White "Gagliardi, Christian"]
[Black "Gonella, Daniele"]
[WhiteElo "2200"]
[BlackElo "1982"]
[Result "1/2-1/2"]
[PlyCount "62"]
[EventDate "2010.07.16"]

1. Nf3 Nf6 2. g3 g6 3. Bg2 Bg7 4. O-O O-O 5. d3 Nc6 6. e4 d6 7. Nbd2 e5 8. c3
Nh5 9. Nb3 a5 10. a4 Be6 11. Ng5 Bd7 12. d4 h6 13. Nf3 exd4 14. Nfxd4 Nxd4 15.
Nxd4 Qe7 16. Re1 Rae8 17. Bd2 b6 18. Nf5 Bxf5 19. exf5 Qd7 20. Be3 Nf6 21. fxg6
fxg6 22. h3 Qf5 23. Qb3+ Kh7 24. Qc4 Ne4 25. g4 Nd2 26. Qxc7 Nf3+ 27. Kh1 Qe5
28. Bxf3 Rxf3 29. Kg2 Qd5 30. Rad1 Qa8 31. Kf1 Rfxe3 1/2-1/2

[Event "IX Open A"]
[Site "Bergamo ITA"]
[Date "2010.07.18"]
[Round "5"]
[White "Giretti Kanev, Jasen"]
[Black "Mattsson, Michael"]
[WhiteElo "2208"]
[BlackElo "2086"]
[Result "0-1"]
[PlyCount "104"]
[EventDate "2010.07.16"]

1. Nf3 d5 2. c4 dxc4 3. Nc3 c6 4. a4 Qa5 5. Ra2 Nd7 6. e4 Nb6 7. Be2 Bg4 8. Nd4
Bxe2 9. Qxe2 e6 10. O-O Bd6 11. Nc2 Qe5 12. f4 Qc5+ 13. Ne3 a5 14. Kh1 O-O-O
15. b3 cxb3 16. Rb2 Qb4 17. Qg4 g6 18. f5 exf5 19. exf5 Qxg4 20. Nxg4 h5 21.
Ne3 Bb4 22. Rxb3 Nh6 23. Na2 c5 24. Bb2 Rhe8 25. fxg6 fxg6 26. Bf6 Rxd2 27.
Nxb4 cxb4 28. Bg5 Ng8 29. Rc1+ Kb8 30. h3 Ra2 31. Bf4+ Ka7 32. Rc5 Rxa4 33. Rb5
Ka6 34. Rg5 Re6 35. Nc2 Ne7 36. Nd4 Re1+ 37. Kh2 Nbd5 38. Bg3 Rd1 39. Ne6 Raa1
40. Bf2 h4 41. Bxh4 Nf5 42. Rxf5 gxf5 43. Rf3 Rh1+ 44. Kg3 Ra3 45. Nd4 f4+ 46.
Kg4 Ne3+ 47. Kxf4 Nxg2+ 48. Ke4 Nxh4 49. Rf6+ b6 50. Ne6 Re1+ 51. Kd5 Rxe6 52.
Rxe6 Rxh3 0-1

[Event "IX Open A"]
[Site "Bergamo ITA"]
[Date "2010.07.12"]
[Round "5"]
[White "Guzzetti, Luigi Enrico"]
[Black "Bolico, Exfelicos"]
[WhiteElo "1907"]
[BlackElo "2174"]
[Result "0-1"]
[PlyCount "74"]
[EventDate "2010.07.16"]

1. e4 c5 2. Nf3 d6 3. d4 cxd4 4. Nxd4 Nf6 5. Nc3 g6 6. Be2 Bg7 7. Be3 O-O 8.
O-O Nc6 9. f4 Qb6 10. Na4 Qa5 11. Nc3 Bd7 12. Nb3 Qd8 13. g4 Qc8 14. h3 h6 15.
Nd4 Nxd4 16. Bxd4 Bc6 17. Bd3 h5 18. g5 Ne8 19. Bxg7 Nxg7 20. Qf3 b5 21. Rad1
e6 22. Qe3 Qb7 23. Ne2 Rad8 24. Nd4 Qb6 25. Rde1 a6 26. c3 Bb7 27. Kh2 e5 28.
fxe5 dxe5 29. Nf3 Qc7 30. Bc2 Ne6 31. Nh4 Qe7 32. Rf6 Kg7 33. Bb3 Nf4 34. Ng2
Rd3 35. Qf2 Rxh3+ 36. Kg1 Nd3 37. Qf1 Qc5+ 0-1

[Event "IX Open A"]
[Site "Bergamo ITA"]
[Date "2010.07.18"]
[Round "5"]
[White "Kimbin, Richard Conrod"]
[Black "Cardani, Roberto"]
[WhiteElo "1918"]
[BlackElo "2022"]
[Result "1-0"]
[PlyCount "63"]
[EventDate "2010.07.16"]

1. Nf3 Nf6 2. c4 g6 3. b3 Bg7 4. Bb2 O-O 5. g3 d6 6. Bg2 e5 7. d3 Nc6 8. O-O h6
9. e4 Bg4 10. h3 Bxf3 11. Bxf3 Nd4 12. Bxd4 exd4 13. Nd2 Nd7 14. Bg2 a5 15. a3
c6 16. f4 Qb6 17. Rb1 Nc5 18. Qf3 Qd8 19. Qe2 Qe7 20. Rfe1 Rae8 21. Nf3 f5 22.
e5 dxe5 23. fxe5 Ne6 24. b4 Ra8 25. Qb2 axb4 26. axb4 Rfd8 27. c5 Qc7 28. Qb3
Qf7 29. Qb2 Kh7 30. Nd2 f4 31. g4 Ng5 32. Nf3 1-0

[Event "IX Open A"]
[Site "Bergamo ITA"]
[Date "2010.07.18"]
[Round "5"]
[White "Leoni, Livio"]
[Black "Angelini, Marco"]
[WhiteElo "2015"]
[BlackElo "2103"]
[Result "0-1"]
[PlyCount "54"]
[EventDate "2010.07.16"]

1. e4 c5 2. Nf3 d6 3. d4 cxd4 4. Nxd4 Nf6 5. Nc3 a6 6. f3 e6 7. Be3 Nbd7 8. g4
h6 9. Qd2 b5 10. O-O-O Bb7 11. Bd3 b4 12. Nce2 d5 13. Nf4 dxe4 14. Bc4 Qc7 15.
Bxe6 fxe6 16. Ndxe6 Qa5 17. Kb1 g5 18. Nxf8 Rxf8 19. Nh5 Bd5 20. b3 Be6 21.
Ng7+ Kf7 22. Nxe6 Kxe6 23. h4 Nd5 24. Bd4 Rf4 25. hxg5 e3 26. Rhe1 Rxd4 27.
Rxe3+ Nxe3 0-1

[Event "IX Open A"]
[Site "Bergamo ITA"]
[Date "2010.07.16"]
[Round "5"]
[White "Lindh, Fredrik"]
[Black "Licina, Zoran"]
[WhiteElo "2168"]
[BlackElo "2297"]
[Result "1-0"]
[PlyCount "33"]
[EventDate "2010.07.16"]

1. e4 c5 2. Nf3 d6 3. d4 cxd4 4. Nxd4 Nf6 5. Nc3 a6 6. Be3 e5 7. Nf3 h6 8. Bc4
Be6 9. Bxe6 fxe6 10. Nh4 Kf7 11. f4 exf4 12. e5 fxe3 13. exf6 g6 14. Nxg6 Rg8
15. Ne5+ Kxf6 16. Qf3+ Kxe5 17. O-O 1-0

[Event "IX Open A"]
[Site "Bergamo ITA"]
[Date "2010.07.16"]
[Round "5"]
[White "Moreschi, Mauro"]
[Black "Regorda, Massimiliano"]
[WhiteElo "1907"]
[BlackElo "1897"]
[Result "1-0"]
[PlyCount "115"]
[EventDate "2010.07.16"]

1. e4 d5 2. Nc3 d4 3. Nce2 e5 4. Ng3 Bd6 5. Bc4 Nf6 6. Nf3 Nc6 7. d3 Bb4+ 8.
Bd2 Bxd2+ 9. Qxd2 h6 10. h3 Qe7 11. a3 a6 12. b4 Be6 13. Bxe6 Qxe6 14. Nf5 O-O
15. g4 Ne7 16. Rg1 Ng6 17. g5 hxg5 18. Rxg5 Ne8 19. h4 Nf4 20. N3xd4 Qd7 21.
Ne2 f6 22. Rg4 Ne6 23. Qh6 Ng5 24. Qh5 Nf3+ 25. Kd1 g5 26. Rg3 Nxh4 27. Qxh4
Nd6 28. Nxd6 Qxd6 29. Qh5 Kg7 30. Qg4 a5 31. bxa5 Rxa5 32. Rh3 Rxa3 33. Rxa3
Qxa3 34. Qf5 Qa1+ 35. Kd2 Qa5+ 36. Nc3 Rf7 37. Qc8 Kg6 38. Qf5+ Kg7 39. Qc8 Kg6
40. Qxb7 Qc5 41. Rf3 g4 42. Rf5 g3 43. fxg3 Rh7 44. Qb3 Kg7 45. Rf3 Rh2+ 46.
Ne2 Qa5+ 47. c3 Qa1 48. Qd1 Qb2+ 49. Ke3 Qb6+ 50. d4 c5 51. dxe5 f5 52. exf5
Qc7 53. Qd6 Qa7 54. f6+ Kg6 55. f7+ Kg5 56. Qf6+ Kh5 57. Nf4+ Kg4 58. Qg6# 1-0

[Event "IX Open A"]
[Site "Bergamo ITA"]
[Date "2010.07.16"]
[Round "5"]
[White "Mrdja, Milan"]
[Black "Guanciale, Orazio"]
[WhiteElo "2372"]
[BlackElo "2171"]
[Result "1/2-1/2"]
[PlyCount "132"]
[EventDate "2010.07.16"]

1. e4 e6 2. d4 d5 3. Nc3 Bb4 4. e5 c5 5. Qg4 Ne7 6. dxc5 Bxc3+ 7. bxc3 O-O 8.
Nf3 Nd7 9. Bg5 Qa5 10. Qb4 Qxb4 11. cxb4 Nc6 12. b5 Ncxe5 13. Nxe5 Nxe5 14. Be7
Re8 15. Bd6 f6 16. Kd2 Nf7 17. Bc7 Re7 18. Ba5 e5 19. Be2 Bf5 20. Rhd1 Rc8 21.
c3 Nd8 22. Ke1 Ne6 23. Rxd5 Nf4 24. Rd6 Nxg2+ 25. Kd2 Nf4 26. Bf1 Rd7 27. Bc4+
Kh8 28. Rxd7 Bxd7 29. Bb4 Be6 30. Bb3 g5 31. Ke3 Rd8 32. Bxe6 Nxe6 33. Ke4 Kg7
34. a4 Kf7 35. a5 a6 36. c6 bxc6 37. bxc6 Nc7 38. Bc5 Ke6 39. Bb6 f5+ 40. Kf3
Rc8 41. c4 Kd6 42. Rb1 Ne6 43. c7 Nxc7 44. c5+ Kc6 45. Bxc7 Rxc7 46. Rb6+ Kxc5
47. Rxa6 Rc6 48. Ra7 e4+ 49. Ke3 Rh6 50. Rf7 Rh3+ 51. Ke2 f4 52. Rf5+ Kd4 53.
Rxg5 Rxh2 54. Kf1 Rh1+ 55. Kg2 Ra1 56. Rf5 f3+ 57. Kg3 Ra2 58. Rb5 Kc4 59. Re5
Kd3 60. Rd5+ Kc4 61. Re5 Kd4 62. Kf4 Rxf2 63. Rxe4+ Kc5 64. Re5+ Kd6 65. Rh5
Ra2 66. Kxf3 Kc6 1/2-1/2

[Event "IX Open A"]
[Site "Bergamo ITA"]
[Date "2010.07.18"]
[Round "5"]
[White "Orsi, Matteo"]
[Black "Quagliarella, Sabino Remo"]
[WhiteElo "1980"]
[BlackElo "1946"]
[Result "0-1"]
[PlyCount "100"]
[EventDate "2010.07.16"]

1. Nf3 d5 2. d4 Nf6 3. c4 e6 4. g3 c6 5. Bg2 dxc4 6. Ne5 Bb4+ 7. Nc3 Nd5 8. Qc2
Nb6 9. Nf3 N8d7 10. O-O Nf6 11. e4 h6 12. Be3 O-O 13. Ne5 Nfd7 14. f4 Nxe5 15.
fxe5 Be7 16. Ne2 Bg5 17. Nf4 Qe7 18. Qe2 Bd7 19. h4 Bxf4 20. Rxf4 f5 21. exf6
Rxf6 22. Rxf6 Qxf6 23. Rf1 Qe7 24. Bf4 Rf8 25. Qh5 Be8 26. Qa5 Nc8 27. d5 cxd5
28. exd5 g5 29. hxg5 hxg5 30. d6 Nxd6 31. Bxd6 Rxf1+ 32. Kxf1 Qxd6 33. Qxg5+
Kf7 34. Qh5+ Ke7 35. Qg5+ Kd7 36. Qb5+ Kd8 37. Qxb7 Qd3+ 38. Kf2 Qd4+ 39. Kf1
Bd7 40. Qb8+ Ke7 41. Qb4+ Kf7 42. Qc3 e5 43. Qxd4 exd4 44. Bd5+ Be6 45. Bxe6+
Kxe6 46. b4 d3 47. a4 c3 48. Ke1 Ke5 49. b5 Kd4 50. Kd1 Ke3 0-1

[Event "IX Open A"]
[Site "Bergamo ITA"]
[Date "2010.07.16"]
[Round "5"]
[White "Piantoni, Roberto"]
[Black "Campini, Marco"]
[WhiteElo "2134"]
[BlackElo "2070"]
[Result "1/2-1/2"]
[PlyCount "41"]
[EventDate "2010.07.16"]

1. d4 d5 2. Nf3 Nf6 3. e3 e6 4. Bd3 c5 5. c3 Nc6 6. Nbd2 Bd7 7. O-O Qc7 8. Qe2
Bd6 9. dxc5 Bxc5 10. e4 dxe4 11. Nxe4 Be7 12. Re1 h6 13. Nxf6+ Bxf6 14. Qe4 Ne7
15. Nd4 O-O-O 16. Bf4 Qb6 17. Bg3 Bc6 18. Nxc6 Qxc6 19. Qxc6+ Nxc6 20. Rad1 Rd7
21. Bc2 1/2-1/2

[Event "IX Open A"]
[Site "Bergamo ITA"]
[Date "2010.07.18"]
[Round "5"]
[White "Ranfagni, Stefano"]
[Black "Attuati, Stefano"]
[WhiteElo "2013"]
[BlackElo "1900"]
[Result "1-0"]
[PlyCount "55"]
[EventDate "2010.07.16"]

1. e4 e6 2. d3 d5 3. Nd2 c5 4. g3 Nc6 5. Bg2 a6 6. f4 Nf6 7. e5 Nd7 8. Ngf3 Be7
9. O-O O-O 10. c3 f6 11. d4 cxd4 12. cxd4 Qb6 13. exf6 Bxf6 14. Nb3 a5 15. Bh3
a4 16. Bxe6+ Kh8 17. Ng5 axb3 18. Nf7+ Rxf7 19. Bxf7 Bxd4+ 20. Kg2 Rxa2 21. Re1
Nf6 22. Rb1 Bf5 23. Qe2 Be4+ 24. Kh3 h6 25. g4 Bxb2 26. g5 Bf5+ 27. Kg2 Bg4 28.
Qe8+ 1-0

[Event "IX Open A"]
[Site "Bergamo ITA"]
[Date "2010.07.18"]
[Round "5"]
[White "Rota, Simone"]
[Black "Cani, Gazmir"]
[WhiteElo "2034"]
[BlackElo "2060"]
[Result "0-1"]
[PlyCount "80"]
[EventDate "2010.07.16"]

1. d4 Nf6 2. Nf3 c5 3. d5 g6 4. c4 b5 5. cxb5 a6 6. b6 d6 7. Nc3 Qxb6 8. e4 Bg7
9. h3 O-O 10. Bd3 Nbd7 11. O-O Rb8 12. a4 Qa7 13. a5 Ne8 14. Na4 Nc7 15. Nd2
Ne5 16. Nc4 Nxc4 17. Bxc4 Rb4 18. Qe2 Bd7 19. Nb6 Bb5 20. Ra2 Na8 21. Bxb5 Rxb5
22. Nc4 Qb7 23. Bf4 Rd8 24. Rc1 Rb4 25. Rc2 Nc7 26. Bd2 Nb5 27. Bxb4 Nd4 28.
Qd3 Nxc2 29. Qxc2 Qxb4 30. g3 Rb8 31. Nb6 Bd4 32. Kg2 Qe1 33. Ra3 c4 34. Nxc4
Bxf2 35. g4 Bc5 36. Rc3 e6 37. Nd2 Qe2+ 38. Kh1 exd5 39. exd5 Qe1+ 40. Kg2 Qf2+
0-1

[Event "IX Open A"]
[Site "Bergamo ITA"]
[Date "2010.07.18"]
[Round "5"]
[White "Rusev, Krasimir"]
[Black "Tesic, Dragan"]
[WhiteElo "2543"]
[BlackElo "2369"]
[Result "1/2-1/2"]
[PlyCount "40"]
[EventDate "2010.07.16"]

1. d4 Nf6 2. c4 e6 3. Nf3 b6 4. g3 Ba6 5. Qc2 c5 6. d5 Qe7 7. Bg5 exd5 8. Nc3
Bxc4 9. e4 Nc6 10. Bxc4 Nb4 11. Qd1 dxc4 12. O-O h6 13. Bxf6 Qxf6 14. a3 Nc6
15. Nd5 Qd8 16. Qe2 g6 17. Qxc4 Bg7 18. Rad1 O-O 19. b4 d6 20. bxc5 bxc5
1/2-1/2

[Event "IX Open A"]
[Site "Bergamo ITA"]
[Date "2010.07.18"]
[Round "5"]
[White "Salvador, Roland"]
[Black "Pucovski, Miroslav"]
[WhiteElo "2498"]
[BlackElo "2307"]
[Result "0-1"]
[PlyCount "116"]
[EventDate "2010.07.16"]

1. d4 d5 2. Nf3 Nf6 3. c4 c6 4. e3 e6 5. Nc3 Nbd7 6. Qc2 Bd6 7. b3 dxc4 8. bxc4
e5 9. Be2 O-O 10. O-O Re8 11. Rd1 Qe7 12. c5 Bc7 13. Bc4 h6 14. h3 e4 15. Nd2
Nf8 16. d5 cxd5 17. Nxd5 Nxd5 18. Bxd5 Bxh3 19. Qxe4 Qxc5 20. Qf3 Be6 21. Bxb7
Rab8 22. Nb3 Qe5 23. Rd4 Qh2+ 24. Kf1 Be5 25. Bb2 Bxd4 26. Bxd4 Bc4+ 27. Ke1
Ne6 28. Kd2 Bxb3 29. axb3 Nxd4 30. exd4 Re7 31. Bd5 Qd6 32. Rc1 Rbe8 33. Rc5
Qa6 34. Bc4 Qa1 35. Kd3 Qb1+ 36. Kc3 Qa1+ 37. Kd3 Qb1+ 38. Kc3 a5 39. Re5 Qa1+
40. Kc2 Rxe5 41. dxe5 Qa2+ 42. Kc3 Qa1+ 43. Kc2 Re7 44. Qa8+ Kh7 45. f4 Qd4 46.
Qf3 Rc7 47. Qd3+ Qxd3+ 48. Kxd3 g6 49. Kd4 Kg7 50. Kd5 Rc8 51. g4 Ra8 52. Bb5
Kf8 53. f5 gxf5 54. gxf5 Ke7 55. f6+ Kf8 56. Ke4 Rb8 57. Ba4 Rb4+ 58. Kf5 h5
0-1

[Event "IX Open A"]
[Site "Bergamo ITA"]
[Date "2010.07.18"]
[Round "5"]
[White "Seyfried, Claus"]
[Black "Lapiccirella, Daniele"]
[WhiteElo "2087"]
[BlackElo "2212"]
[Result "1-0"]
[PlyCount "41"]
[EventDate "2010.07.16"]

1. e4 c5 2. c3 d5 3. exd5 Qxd5 4. d4 e6 5. Nf3 Nf6 6. Na3 Qd8 7. Bg5 Nbd7 8.
Nc4 b6 9. dxc5 Nxc5 10. Qxd8+ Kxd8 11. Nce5 Ke8 12. Bb5+ Nfd7 13. Be3 f6 14.
O-O-O fxe5 15. Bxc5 Bxc5 16. Nxe5 Bxf2 17. Nxd7 Ke7 18. Bc6 Ba6 19. Bxa8 Rxa8
20. Ne5 Be2 21. Rd7+ 1-0

[Event "IX Open A"]
[Site "Bergamo ITA"]
[Date "2010.07.18"]
[Round "5"]
[White "Solodovnichenko, Yuri"]
[Black "Vuelban, Virgilio"]
[WhiteElo "2558"]
[BlackElo "2358"]
[Result "1-0"]
[PlyCount "77"]
[EventDate "2010.07.16"]

1. e4 e6 2. d4 d5 3. Nc3 Nf6 4. e5 Nfd7 5. f4 c5 6. Nf3 Nc6 7. Be3 Qb6 8. Na4
Qa5+ 9. c3 cxd4 10. b4 Nxb4 11. cxb4 Bxb4+ 12. Bd2 Bxd2+ 13. Nxd2 O-O 14. Bd3
b5 15. Nb2 Nb6 16. O-O Nc4 17. Nbxc4 bxc4 18. Bxh7+ Kxh7 19. Qh5+ Kg8 20. Nf3
f6 21. exf6 Qc7 22. fxg7 Qxg7 23. Ne5 Rf5 24. Qe8+ Qf8 25. Qg6+ Qg7 26. Qe8+
Qf8 27. Qb5 d3 28. Rf3 Qd8 29. Kh1 Qe7 30. Rg3+ Kh7 31. Rh3+ Kg7 32. Rf1 d2 33.
Rg3+ Kh7 34. Qb1 d4 35. Qd1 Qh4 36. Nf3 Qf6 37. Ng5+ Kh6 38. Qg4 Rxf4 39. Nf7+
1-0

[Event "IX Open A"]
[Site "Bergamo ITA"]
[Date "2010.07.18"]
[Round "5"]
[White "Sumets, Andrey"]
[Black "Borgo, Giulio"]
[WhiteElo "2618"]
[BlackElo "2419"]
[Result "1-0"]
[PlyCount "67"]
[EventDate "2010.07.16"]

1. d4 d5 2. c4 e6 3. Nf3 Nf6 4. Nc3 c6 5. e3 Nbd7 6. Bd3 Bd6 7. O-O O-O 8. e4
dxc4 9. Bxc4 e5 10. Bg5 h6 11. Bh4 b5 12. Bb3 a6 13. Bg3 Qc7 14. Rc1 exd4 15.
Nd5 Nxd5 16. Bxd5 Bb7 17. Nxd4 Bxg3 18. hxg3 Ne5 19. Qh5 Qd6 20. Nf5 Qf6 21.
Bb3 Nd3 22. Rcd1 Rad8 23. Bc2 Nxb2 24. e5 Qg5 25. Rxd8 Rxd8 26. Qe2 Rd2 27. Qe4
c5 28. Qxb7 Rxc2 29. Qd7 Rc1 30. Rxc1 Qxc1+ 31. Kh2 Qg5 32. Qe8+ Kh7 33. Qxf7
Qg6 34. e6 1-0

[Event "IX Open A"]
[Site "Bergamo ITA"]
[Date "2010.07.20"]
[Round "5"]
[White "Vezzosi, Paolo"]
[Black "Godena, Michele"]
[WhiteElo "2362"]
[BlackElo "2548"]
[Result "0-1"]
[PlyCount "68"]
[EventDate "2010.07.16"]

1. d4 d5 2. c4 dxc4 3. Nf3 Nf6 4. e3 a6 5. Bxc4 b5 6. Bb3 Bb7 7. a4 Nbd7 8. O-O
e6 9. Qe2 Be7 10. axb5 axb5 11. Rxa8 Qxa8 12. Na3 b4 13. Nc4 c5 14. Bd2 cxd4
15. exd4 Bd5 16. Rc1 O-O 17. Qd1 Rc8 18. Ra1 Qb7 19. Ne3 Bxb3 20. Qxb3 Nb6 21.
Ne5 Nfd5 22. g3 Nxe3 23. fxe3 Bd6 24. Rf1 Bxe5 25. dxe5 Nc4 26. Qxb4 Qxb4 27.
Bxb4 Nxb2 28. Rb1 Nc4 29. Rc1 Rc6 30. Rd1 h5 31. Bd6 Nxe3 32. Rd3 Rc1+ 33. Kf2
Ng4+ 34. Kf3 Rf1+ 0-1